Otvorené otázky rastu slovenskej ekonomiky

Zmeny mechanizmu fungovania ekonomiky. Formulovanie základných charakteristických čŕt novej ekonomiky. Rozhodujúca úloha informačných a komunikačných technológií (IKT). Východiskové podmienky pre Európsku úniu. Rozdielna miera hospodárskeho rastu v EÚ a v USA. Lisabonský dohovor. Východiská pre Slov...

Descripción completa

Guardado en:
Detalles Bibliográficos
Autor principal: Staneková, Eva
Formato: Capítulo de libro
Lenguaje:eslovaco
Materias:
Etiquetas: Agregar Etiqueta
Sin Etiquetas, Sea el primero en etiquetar este registro!

MARC

LEADER 00000nla$a2200000$$$4500
001 0048500
005 20240502071546.4
041 0 |a slo 
044 |a SK 
245 1 0 |a Otvorené otázky rastu slovenskej ekonomiky  |c Eva Staneková 
520 |a Zmeny mechanizmu fungovania ekonomiky. Formulovanie základných charakteristických čŕt novej ekonomiky. Rozhodujúca úloha informačných a komunikačných technológií (IKT). Východiskové podmienky pre Európsku úniu. Rozdielna miera hospodárskeho rastu v EÚ a v USA. Lisabonský dohovor. Východiská pre Slovenskú republiku. Zavŕšenie procesu integrácie do EÚ. Reštrukturalizácia ekonomiky. Vzdelávanie. Veda a výskum. Reforma verejných výdavkov. Problém nezamestnanosti. 
610 2 0 |a rast hospodársky 
610 2 0 |a globalizácia 
610 2 0 |a technológie informačné 
610 2 0 |a technológie komunikačné 
610 2 0 |a ekonomika nová 
610 2 0 |a výkonnosť 
610 2 0 |a zamestnanosť 
610 2 0 |a nezamestnanosť 
610 2 0 |a vzdelávanie celoživotné 
610 2 0 |a veda 
610 2 0 |a výskum 
610 2 0 |a Slovensko 
610 2 0 |a Európska únia 
100 1 |a Staneková, Eva